Marie-Ève, Marie-Ève : roman

Spremljeno u:
Bibliografski detalji
Glavni autor: Thério, Adrien
Format: Knjiga
Jezik:Undetermined
Izdano: Quebec, Canadá Québec/Amérique 1983
Teme:
Oznake: Dodaj oznaku
Bez oznaka, Budi prvi tko označuje ovaj zapis!

MARC

LEADER 00000nam a2200000Ia 4500
008 170316s9999 xx 000 0 und d
040 |a cru BVZT 
090 |a 818 T-3m 
100 |a Thério, Adrien 
245 |a Marie-Ève, Marie-Ève : roman 
260 |a Quebec, Canadá 
260 |b Québec/Amérique 
260 |c 1983 
300 |a 139 páginas 
650 |a LITERATURA CANADIENSE 
999 |c 6659  |d 6659 
942 |c 15 D  |h 818 T-3m  |2 z